Name all the countries in South America - Statistics

General Stats
  • This quiz has been taken 977 times
  • The average score is 10 of 13
Answer Stats
Hint Answer % Correct
1 Brazil
97%
2 Argentina
96%
6 Chile
93%
3 Colombia
92%
7 Uruguay
89%
9 Peru
88%
8 Paraguay
87%
4 Venezuela
84%
10 Bolivia
83%
11 Ecuador
79%
5 Guyana
73%
12 Suriname
73%
13 Trinidad and Tobago
14%
No matching quizzes found
Score Distribution
Percent of People with Each Score
Percentile by Number Answered
Your Score History
You have not taken this quiz